00611nam a22001697a 45000010005000000030009000050050017000140080041000310400038000720820023001102450087001332600039002203000022002595050088002816500044003697000028004138983BD-DhUAP20210113150813.0210113s1986 bg x p w 0 a0eng d aBD-DhAALcBD-DhAALbEngdBD-DhUAP00a348.549204 DHA22300aThe Dhaka Law Reports :ba monthly law journal /cedited by Obaidul Huq Chowdhury. aDhaka :bDhaka law reports,c1986. avolumes ;c26 cm. aV. 38- table of cases of the appellate division of the supreme court of Bangladesh. aLaw reports, digests, etc.zBangladesh. aChowdhury, Obaidul Huq.